000
00294nam a22001217a 4500
020
_a
07-052506-4
082
_a
530 RIC'I
100
_a
RICHTMYER, F. K,KENNARD, E. H
_9
78510
245
_a
INTRODUCTION TO MODERN PHYSICS
260
_a
NEWYORK
_b
MCGRAW HILL
_c
1969
300
_a
767P
942
_c
BK
999
_c
583620
_d
583620